000 00267nam a2200121Ia 4500
100 _aWilson/Frank W;Harvey
942 _cBK
654 _aHandbook
245 _aTool Engineers Handbook
260 _bMcGraw Hill
_aNEWYORK
_c1959
082 _a621.9
546 _aENGLISH
999 _c35391
_d35391